[Event "3. Magistral Copa Benito Roggio B"]
[Site "Asuncion PAR"]
[Date "2010.05.20"]
[Round "1.1"]
[White "Almiron, Antonio"]
[Black "Peralta, Eduardo"]
[Result "1/2-1/2"]
[WhiteElo "2171"]
[BlackElo "2280"]
[PlyCount "102"]
[EventDate "2010.05.20"]
[EventType "tourn"]
[EventRounds "9"]
[EventCountry "PAR"]
[EventCategory "3"]
[Source "lmi"]
[SourceDate "2010.05.20"]

1. e4 e6 2. d4 d5 3. Nc3 Nc6 4. Nf3 Nf6 5. Bg5 Be7 6. e5 Ne4 7. Bxe7 Qxe7 8.
Bd3 f5 9. exf6 Nxf6 10. O-O O-O 11. Re1 a6 12. a3 Bd7 13. Ne5 Nxe5 14. dxe5 Ne8
15. Qg4 g6 16. h4 Ng7 17. Re3 Nf5 18. Rh3 Kh8 19. h5 g5 20. h6 Rf7 21. Re1 Nh4
22. Rg3 Rg8 23. Ne2 c5 24. c4 dxc4 25. Qxc4 Bb5 26. Qc2 Bxd3 27. Qxd3 Nf5 28.
Rh3 Rd8 29. Qc3 b5 30. Ng3 Nxg3 31. Rxg3 c4 32. Rf3 Rf4 33. g3 Rfd4 34. Qe3 Rd3
35. Qe4 Kg8 36. Ree3 Rd1+ 37. Kg2 R8d5 38. Qg4 R5d4 39. Re4 Rxe4 40. Qxe4 Rd5
41. Qe3 Rd3 42. Qe4 Rxf3 43. Qxf3 Qf8 44. Qh5 Qd8 45. Kh3 a5 46. Qg4 Kf7 47.
Qf3+ Kg6 48. Qc6 g4+ 49. Kh2 Qd5 50. Qe8+ Kxh6 51. Qf8+ Kg6 1/2-1/2

[Event "3. Magistral Copa Benito Roggio B"]
[Site "Asuncion PAR"]
[Date "2010.05.20"]
[Round "1.2"]
[White "Ferreira, Oscar"]
[Black "Valiente, Cristobal"]
[Result "1/2-1/2"]
[WhiteElo "2282"]
[BlackElo "2247"]
[PlyCount "32"]
[EventDate "2010.05.20"]
[EventType "tourn"]
[EventRounds "9"]
[EventCountry "PAR"]
[EventCategory "3"]
[Source "lmi"]
[SourceDate "2010.05.20"]

1. Nf3 Nf6 2. c4 e6 3. d4 b6 4. g3 Bb7 5. Bg2 Be7 6. O-O O-O 7. Nc3 Ne4 8. Qc2
Nxc3 9. Qxc3 d6 10. b3 Nd7 11. Bb2 Nf6 12. Nd2 Bxg2 13. Kxg2 c5 14. e4 cxd4 15.
Qxd4 Qc7 16. Rac1 Rfd8 1/2-1/2

[Event "3. Magistral Copa Benito Roggio B"]
[Site "Asuncion PAR"]
[Date "2010.05.20"]
[Round "1.3"]
[White "Patriarca, Luis"]
[Black "Soppe, Guillermo"]
[Result "1/2-1/2"]
[WhiteElo "2304"]
[BlackElo "2429"]
[PlyCount "83"]
[EventDate "2010.05.20"]
[EventType "tourn"]
[EventRounds "9"]
[EventCountry "PAR"]
[EventCategory "3"]
[Source "lmi"]
[SourceDate "2010.05.20"]

1. c4 Nf6 2. Nc3 e6 3. d4 Bb4 4. e3 d5 5. a3 Be7 6. Bd3 Nbd7 7. Nf3 O-O 8. O-O
c5 9. cxd5 exd5 10. dxc5 Nxc5 11. b4 Nxd3 12. Qxd3 a5 13. b5 Bg4 14. Bb2 Bxf3
15. gxf3 Qd7 16. Ne2 Nh5 17. Rfd1 Rfd8 18. Ng3 Bf6 19. Rab1 Bxb2 20. Rxb2 Nf6
21. Rc2 h5 22. Nf5 g6 23. Nd4 Rac8 24. Rdc1 Qh3 25. Rc7 Ne8 26. Rxc8 Rxc8 27.
Qd2 Rxc1+ 28. Qxc1 Qd7 29. Qc5 h4 30. h3 Qxh3 31. Qxd5 Qc8 32. Kg2 h3+ 33. Kh2
Qc1 34. Qd7 Kf8 35. Qxh3 Qxa3 36. Qh8+ Ke7 37. Qe5+ Kf8 38. f4 Qd6 39. Qe4 Qd7
40. Qe5 Qd6 41. Qe4 Qd7 42. Qe5 1/2-1/2

[Event "3. Magistral Copa Benito Roggio B"]
[Site "Asuncion PAR"]
[Date "2010.05.20"]
[Round "1.4"]
[White "Zacarias, M Ruben D"]
[Black "Roselli Mailhe, Bernardo"]
[Result "0-1"]
[WhiteElo "2213"]
[BlackElo "2391"]
[PlyCount "66"]
[EventDate "2010.05.20"]
[EventType "tourn"]
[EventRounds "9"]
[EventCountry "PAR"]
[EventCategory "3"]
[Source "lmi"]
[SourceDate "2010.05.20"]

1. e4 e6 2. d4 d5 3. e5 c5 4. c3 Nc6 5. Nf3 Qb6 6. a3 Nh6 7. b4 cxd4 8. cxd4
Nf5 9. Bb2 a5 10. b5 a4 11. g4 Nh6 12. h3 Nb8 13. Nc3 Qa5 14. Bd3 Nd7 15. O-O
Be7 16. Rc1 Nb6 17. Nd2 Bd7 18. Qe2 Rc8 19. f4 O-O 20. Qe3 Kh8 21. f5 exf5 22.
gxf5 f6 23. e6 Be8 24. Kh1 Rg8 25. Rg1 Bxa3 26. Bxa3 Rxc3 27. Rxg7 Rxc1+ 28.
Bxc1 Rxg7 29. Qxh6 Qc3 30. Qxf6 Qxc1+ 31. Bf1 Qc7 32. Qf8+ Rg8 33. e7 Qd6 0-1

[Event "3. Magistral Copa Benito Roggio B"]
[Site "Asuncion PAR"]
[Date "2010.05.21"]
[Round "2.1"]
[White "Peralta, Eduardo"]
[Black "Larrea, Manuel"]
[Result "0-1"]
[WhiteElo "2280"]
[BlackElo "2347"]
[PlyCount "68"]
[EventDate "2010.05.20"]
[EventType "tourn"]
[EventRounds "9"]
[EventCountry "PAR"]
[EventCategory "3"]
[Source "lmi"]
[SourceDate "2010.05.20"]

1. d4 Nf6 2. Nf3 g6 3. Bg5 Bg7 4. Nbd2 d5 5. e3 O-O 6. c3 b6 7. Be2 h6 8. Bh4
Bf5 9. O-O Nbd7 10. c4 c6 11. cxd5 cxd5 12. Qb3 Re8 13. Rfc1 e5 14. dxe5 Nxe5
15. Nd4 Be6 16. N2f3 Nxf3+ 17. Bxf3 g5 18. Bg3 Ne4 19. Rd1 Qf6 20. a4 Qg6 21.
a5 bxa5 22. Rxa5 h5 23. Bxe4 Qxe4 24. f3 Qg6 25. Bf2 Rab8 26. Rb5 Rbc8 27. Nxe6
fxe6 28. e4 a6 29. Ra5 Rb8 30. Qa4 g4 31. fxg4 Rxb2 32. Bd4 Bxd4+ 33. Rxd4 Rf8
34. exd5 Qf6 0-1

[Event "3. Magistral Copa Benito Roggio B"]
[Site "Asuncion PAR"]
[Date "2010.05.21"]
[Round "2.2"]
[White "Roselli Mailhe, Bernardo"]
[Black "Brito, Luismar"]
[Result "1-0"]
[WhiteElo "2391"]
[BlackElo "2343"]
[PlyCount "81"]
[EventDate "2010.05.20"]
[EventType "tourn"]
[EventRounds "9"]
[EventCountry "PAR"]
[EventCategory "3"]
[Source "lmi"]
[SourceDate "2010.05.20"]

1. d4 c5 2. d5 e5 3. e4 d6 4. Nc3 Be7 5. Be2 a6 6. a4 Nd7 7. Nf3 Nf8 8. h4 h6
9. g3 Nf6 10. Nd2 b6 11. Nc4 Rb8 12. Be3 Qc7 13. Na3 Bd8 14. f3 Qe7 15. Bd3
N6d7 16. Qe2 Ra8 17. O-O-O Nb8 18. f4 f6 19. f5 Kd7 20. g4 Nh7 21. Rdg1 Qf8 22.
Nab1 Kc7 23. Nd2 Bd7 24. Nf3 Qe8 25. b3 Kc8 26. Kb2 Ra7 27. Rh2 Kb7 28. g5 fxg5
29. hxg5 Nxg5 30. Nxg5 hxg5 31. Bxg5 Bf6 32. Bxf6 gxf6 33. Rg6 Qf8 34. Rxh8
Qxh8 35. Qg4 Be8 36. Rg8 Bh5 37. Qg6 Bxg6 38. Rxh8 Bf7 39. Rf8 Ka8 40. Bxa6 Re7
41. Nb5 1-0

[Event "3. Magistral Copa Benito Roggio B"]
[Site "Asuncion PAR"]
[Date "2010.05.21"]
[Round "2.3"]
[White "Soppe, Guillermo"]
[Black "Zacarias, M Ruben D"]
[Result "1-0"]
[WhiteElo "2429"]
[BlackElo "2213"]
[PlyCount "67"]
[EventDate "2010.05.20"]
[EventType "tourn"]
[EventRounds "9"]
[EventCountry "PAR"]
[EventCategory "3"]
[Source "lmi"]
[SourceDate "2010.05.20"]

1. d4 Nf6 2. c4 c5 3. d5 g6 4. Nc3 d6 5. e4 Bg7 6. h3 O-O 7. Nf3 e5 8. g4 Na6
9. Bd3 Nc7 10. Bg5 h6 11. Be3 Nfe8 12. Qd2 Kh7 13. a3 Bd7 14. b4 b6 15. Rb1 Qc8
16. Qc2 Nf6 17. Nd2 Ng8 18. Ne2 Ne7 19. f4 exf4 20. Bxf4 Ne8 21. Nf3 Qc7 22.
O-O Kg8 23. Ng3 cxb4 24. axb4 a5 25. Be3 Nf6 26. Qd2 Kh7 27. g5 hxg5 28. Nxg5+
Kg8 29. Qf2 Nc8 30. Qf4 Nh7 31. Nxh7 Kxh7 32. Nh5 Be5 33. Qh6+ Kg8 34. Rf6 1-0

[Event "3. Magistral Copa Benito Roggio B"]
[Site "Asuncion PAR"]
[Date "2010.05.21"]
[Round "2.4"]
[White "Valiente, Cristobal"]
[Black "Patriarca, Luis"]
[Result "1/2-1/2"]
[WhiteElo "2247"]
[BlackElo "2304"]
[PlyCount "29"]
[EventDate "2010.05.20"]
[EventType "tourn"]
[EventRounds "9"]
[EventCountry "PAR"]
[EventCategory "3"]
[Source "lmi"]
[SourceDate "2010.05.20"]

1. e4 c6 2. d4 d5 3. exd5 cxd5 4. Bd3 Nc6 5. c3 Nf6 6. Bf4 Bg4 7. Qb3 Na5 8.
Qc2 Nc6 9. Nd2 Rc8 10. Ngf3 e6 11. O-O Bh5 12. Rfe1 Bg6 13. Bxg6 hxg6 14. Qb3
b6 15. Ne5 1/2-1/2

[Event "3. Magistral Copa Benito Roggio B"]
[Site "Asuncion PAR"]
[Date "2010.05.21"]
[Round "2.5"]
[White "Almiron, Antonio"]
[Black "Ferreira, Oscar"]
[Result "1/2-1/2"]
[WhiteElo "2171"]
[BlackElo "2282"]
[PlyCount "35"]
[EventDate "2010.05.20"]
[EventType "tourn"]
[EventRounds "9"]
[EventCountry "PAR"]
[EventCategory "3"]
[Source "lmi"]
[SourceDate "2010.05.20"]

1. d4 Nf6 2. Nf3 d6 3. c4 Nbd7 4. Nc3 e5 5. e4 Be7 6. Be2 O-O 7. O-O Re8 8. Re1
Bf8 9. Bf1 c6 10. Bg5 h6 11. Bh4 a6 12. a3 b5 13. Rc1 Bb7 14. d5 cxd5 15. cxd5
Rc8 16. b4 Nb6 17. Nd2 Be7 18. Bg3 1/2-1/2

[Event "3. Magistral Copa Benito Roggio B"]
[Site "Asuncion PAR"]
[Date "2010.05.23"]
[Round "3.1"]
[White "Ferreira, Oscar"]
[Black "Peralta, Eduardo"]
[Result "1-0"]
[WhiteElo "2282"]
[BlackElo "2280"]
[PlyCount "71"]
[EventDate "2010.05.20"]
[EventType "tourn"]
[EventRounds "9"]
[EventCountry "PAR"]
[EventCategory "3"]
[Source "lmi"]
[SourceDate "2010.05.20"]

1. d4 Nf6 2. Nf3 g6 3. c4 c5 4. Nc3 Bg7 5. d5 O-O 6. e4 d6 7. h3 e6 8. Bd3 a6
9. a4 Nbd7 10. dxe6 fxe6 11. O-O Nh5 12. Be2 Nb8 13. e5 dxe5 14. Qxd8 Rxd8 15.
Be3 Nf4 16. Rfd1 Rxd1+ 17. Rxd1 Nc6 18. Bxc5 e4 19. Nd4 Bxd4 20. Bxd4 e5 21.
Be3 Nxe2+ 22. Nxe2 Be6 23. Nc3 Bxc4 24. Rd7 Rd8 25. Rxb7 Bd3 26. Bh6 Nd4 27.
Rg7+ Kh8 28. Rb7 Nf5 29. Nd5 Bc4 30. Nf6 Bg8 31. Bg5 h6 32. Be3 g5 33. b4 Rd6
34. Nxe4 Rd1+ 35. Kh2 Nd6 36. Rd7 1-0

[Event "3. Magistral Copa Benito Roggio B"]
[Site "Asuncion PAR"]
[Date "2010.05.23"]
[Round "3.2"]
[White "Patriarca, Luis"]
[Black "Almiron, Antonio"]
[Result "0-1"]
[WhiteElo "2304"]
[BlackElo "2171"]
[PlyCount "82"]
[EventDate "2010.05.20"]
[EventType "tourn"]
[EventRounds "9"]
[EventCountry "PAR"]
[EventCategory "3"]
[Source "lmi"]
[SourceDate "2010.05.20"]

1. d4 Nf6 2. c4 c5 3. d5 e6 4. Nc3 exd5 5. cxd5 d6 6. e4 g6 7. Bd3 Bg7 8. Nge2
O-O 9. O-O Na6 10. h3 Nc7 11. a4 b6 12. Rb1 Na6 13. Ng3 Nb4 14. Bc4 Re8 15. Bg5
h6 16. Be3 a6 17. Re1 Ra7 18. f3 Rae7 19. Qd2 Kh7 20. b3 Bd7 21. Bf4 Qb8 22.
Na2 Nxa2 23. Qxa2 b5 24. Be2 Qb6 25. Kf1 Bc8 26. a5 Qd8 27. Red1 Bb7 28. b4 c4
29. Kf2 Rc7 30. Rbc1 h5 31. h4 Nxd5 32. Rxd5 Bxd5 33. exd5 Qxh4 34. Bxd6 Rd7
35. Rh1 Qd4+ 36. Kf1 Rxd6 37. Ne4 Rxd5 38. g4 Kg8 39. gxh5 Rxh5 40. Rxh5 gxh5
41. Qc2 Qe3 0-1

[Event "3. Magistral Copa Benito Roggio B"]
[Site "Asuncion PAR"]
[Date "2010.05.23"]
[Round "3.3"]
[White "Zacarias, M Ruben D"]
[Black "Valiente, Cristobal"]
[Result "0-1"]
[WhiteElo "2213"]
[BlackElo "2247"]
[PlyCount "74"]
[EventDate "2010.05.20"]
[EventType "tourn"]
[EventRounds "9"]
[EventCountry "PAR"]
[EventCategory "3"]
[Source "lmi"]
[SourceDate "2010.05.20"]

1. e4 c5 2. Nf3 e6 3. d4 cxd4 4. Nxd4 a6 5. c4 Nf6 6. Nc3 d6 7. Be2 Be7 8. Be3
O-O 9. O-O b6 10. f4 Bb7 11. Bf3 Qc7 12. Rc1 Nbd7 13. g4 Rac8 14. g5 Ne8 15.
Bg2 g6 16. Bh3 Nc5 17. Qc2 Ng7 18. f5 gxf5 19. exf5 exf5 20. Nxf5 Nxf5 21. Bxf5
Ne6 22. Qe2 Bxg5 23. Qg4 Kh8 24. Bxg5 Qc5+ 25. Rf2 Nxg5 26. Kf1 Qxc4+ 27. Qxc4
Rxc4 28. Rd1 Rd8 29. Bc2 Bf3 30. Re1 Bg4 31. Bd3 Rd4 32. Bxa6 Bh3+ 33. Kg1 Rg4+
34. Kh1 Nf3 35. Be2 Nxe1 36. Bxg4 Bxg4 37. Rxf7 Rg8 0-1

[Event "3. Magistral Copa Benito Roggio B"]
[Site "Asuncion PAR"]
[Date "2010.05.23"]
[Round "3.4"]
[White "Brito, Luismar"]
[Black "Soppe, Guillermo"]
[Result "1/2-1/2"]
[WhiteElo "2343"]
[BlackElo "2429"]
[PlyCount "155"]
[EventDate "2010.05.20"]
[EventType "tourn"]
[EventRounds "9"]
[EventCountry "PAR"]
[EventCategory "3"]
[Source "lmi"]
[SourceDate "2010.05.20"]

1. e4 c6 2. d4 d5 3. Nd2 dxe4 4. Nxe4 Bf5 5. Ng3 Bg6 6. h4 h6 7. h5 Bh7 8. Nf3
Nf6 9. Bd3 Bxd3 10. Qxd3 e6 11. Bd2 c5 12. Ne4 Nc6 13. Nxf6+ Qxf6 14. Qb5 O-O-O
15. dxc5 a6 16. Qc4 Qxb2 17. O-O Qb5 18. Qxb5 axb5 19. Rab1 Bxc5 20. Rxb5 Ba7
21. Rfb1 Rd7 22. Be3 Bxe3 23. fxe3 Rhd8 24. Kf2 Rc7 25. g4 f6 26. Rc5 Rdd7 27.
Ke2 e5 28. Rb3 Ne7 29. Rbc3 Rxc5 30. Rxc5+ Kb8 31. c3 Rd6 32. Rc4 Ra6 33. a4
Nd5 34. Rc5 Nb6 35. a5 Na4 36. Rc4 Rxa5 37. Nh4 Nb6 38. Rb4 Nd5 39. Rc4 Ne7 40.
Nf5 Nxf5 41. gxf5 e4 42. Rxe4 Rxf5 43. Re7 Rg5 44. Kd3 Ka7 45. Kd4 Kb6 46. c4
Kc6 47. Rf7 b5 48. cxb5+ Kxb5 49. e4 Kc6 50. Ke3 Kd6 51. Kf4 Ke6 52. Ra7 Rg1
53. Rb7 Rf1+ 54. Ke3 Rg1 55. Kf4 Kd6 56. Ra7 Rg2 57. Rb7 Ke6 58. Ra7 Rg5 59.
Rb7 Rxh5 60. Rxg7 Rh1 61. Ra7 h5 62. Ra5 Rf1+ 63. Ke3 Re1+ 64. Kf3 Rf1+ 65. Ke3
h4 66. Rh5 Rh1 67. Kf4 h3 68. Kg3 Re1 69. Kf3 Ra1 70. Kf4 Rh1 71. Kg3 Kd6 72.
Rd5+ Ke6 73. Rh5 h2 74. Kg2 Re1 75. Kxh2 Rxe4 76. Kg2 Rf4 77. Kg3 Rf1 78. Kg2
1/2-1/2

[Event "3. Magistral Copa Benito Roggio B"]
[Site "Asuncion PAR"]
[Date "2010.05.23"]
[Round "3.5"]
[White "Larrea, Manuel"]
[Black "Roselli Mailhe, Bernardo"]
[Result "0-1"]
[WhiteElo "2347"]
[BlackElo "2391"]
[PlyCount "74"]
[EventDate "2010.05.20"]
[EventType "tourn"]
[EventRounds "9"]
[EventCountry "PAR"]
[EventCategory "3"]
[Source "lmi"]
[SourceDate "2010.05.20"]

1. e4 e6 2. d4 d5 3. Nc3 Nf6 4. e5 Nfd7 5. f4 c5 6. Nf3 Nc6 7. dxc5 Bxc5 8. Bd3
a6 9. Bd2 b5 10. Qe2 Nb6 11. a4 b4 12. Nd1 f5 13. a5 Nd7 14. g4 Nf8 15. Qg2 Ng6
16. h4 O-O 17. gxf5 exf5 18. h5 Nge7 19. Rh3 h6 20. Rg3 Rf7 21. Ne3 Be6 22. Nh4
Ra7 23. Kf2 Nxe5 24. fxe5 f4 25. Ke2 fxg3 26. Qxg3 Nc6 27. Rg1 Qg5 28. Qxg5
hxg5 29. Ng6 Nd4+ 30. Kd1 Nf3 31. Rg3 Nxd2 32. Kxd2 Rf2+ 33. Ke1 Rh2 34. Be2 b3
35. cxb3 Rc7 36. Kd2 Bb4+ 37. Kd3 d4 0-1

[Event "3. Magistral Copa Benito Roggio B"]
[Site "Asuncion PAR"]
[Date "2010.05.24"]
[Round "4.1"]
[White "Peralta, Eduardo"]
[Black "Roselli Mailhe, Bernardo"]
[Result "1/2-1/2"]
[WhiteElo "2280"]
[BlackElo "2391"]
[PlyCount "79"]
[EventDate "2010.05.20"]
[EventType "tourn"]
[EventRounds "9"]
[EventCountry "PAR"]
[EventCategory "3"]
[Source "lmi"]
[SourceDate "2010.05.20"]

1. e4 e6 2. d4 d5 3. Nd2 Nf6 4. e5 Nfd7 5. c3 c5 6. f4 Nc6 7. Ndf3 cxd4 8. cxd4
h5 9. Bd3 Nb6 10. Ne2 Bd7 11. O-O a5 12. Kh1 a4 13. a3 Na5 14. Rb1 Be7 15. Qe1
g6 16. Ng5 Nb3 17. Qg3 Rg8 18. Nh7 Nxc1 19. Rbxc1 Rg7 20. Ng5 Bc6 21. Nxe6 fxe6
22. Bxg6+ Rxg6 23. Qxg6+ Kd7 24. f5 exf5 25. Qxf5+ Kc7 26. Nf4 Kb8 27. Qxh5 Nc4
28. e6 Ka7 29. Ng6 Qd6 30. Nxe7 Qxe7 31. Rxc4 dxc4 32. Qa5+ Kb8 33. Qe5+ Ka7
34. Rf7 Rf8 35. Rxf8 Qxf8 36. Kg1 Qe7 37. h4 Qxh4 38. e7 Be8 39. Qa5+ Kb8 40.
Qd8+ 1/2-1/2

[Event "3. Magistral Copa Benito Roggio B"]
[Site "Asuncion PAR"]
[Date "2010.05.24"]
[Round "4.2"]
[White "Soppe, Guillermo"]
[Black "Larrea, Manuel"]
[Result "1/2-1/2"]
[WhiteElo "2429"]
[BlackElo "2347"]
[PlyCount "135"]
[EventDate "2010.05.20"]
[EventType "tourn"]
[EventRounds "9"]
[EventCountry "PAR"]
[EventCategory "3"]
[Source "lmi"]
[SourceDate "2010.05.20"]

1. d4 Nf6 2. c4 e6 3. Nf3 b6 4. e3 Bb7 5. Bd3 Ne4 6. O-O Be7 7. Nfd2 d5 8. cxd5
Nxd2 9. Nxd2 exd5 10. b3 O-O 11. Bb2 Ba6 12. Bxa6 Nxa6 13. Qe2 Qc8 14. Rfc1 Qb7
15. Nf3 Bf6 16. a3 Rac8 17. Rc2 Nb8 18. Rac1 Rfe8 19. Qd3 c6 20. h3 Nd7 21. a4
a6 22. Ba3 Re6 23. Bb4 Rce8 24. a5 b5 25. Rc3 g6 26. Qc2 Rc8 27. Ne1 Bd8 28. e4
Nf6 29. e5 Ne4 30. Nd3 Bg5 31. f4 Be7 32. Bxe7 Qxe7 33. Nc5 Nxc3 34. Qxc3 Qa7
35. b4 Re7 36. Qg3 f5 37. Qe3 Ra8 38. Kh2 Kh8 39. Qg3 Qb8 40. Rc3 Qf8 41. Qh4
Raa7 42. Rf3 Qf7 43. g4 Re8 44. Qg5 Kg7 45. Qh4 Qe7 46. Qf2 Rf8 47. g5 Kf7 48.
Qh4 Ke8 49. Qh6 Rg8 50. h4 Qg7 51. Rc3 Ke7 52. Kg3 Raa8 53. Rc2 Ra7 54. Kf3
Raa8 55. Nd3 Rac8 56. Rh2 Rc7 57. Nc5 Ra7 58. Qxg7+ Rxg7 59. h5 Ra8 60. Rh1 Kf7
61. Nd7 Ke6 62. Nf6 Rc8 63. Rc1 Rgc7 64. Ke3 Rb7 65. Rh1 Rg7 66. hxg6 hxg6 67.
Rh6 Ke7 68. Rh1 1/2-1/2

[Event "3. Magistral Copa Benito Roggio B"]
[Site "Asuncion PAR"]
[Date "2010.05.24"]
[Round "4.3"]
[White "Valiente, Cristobal"]
[Black "Brito, Luismar"]
[Result "1/2-1/2"]
[WhiteElo "2247"]
[BlackElo "2343"]
[PlyCount "81"]
[EventDate "2010.05.20"]
[EventType "tourn"]
[EventRounds "9"]
[EventCountry "PAR"]
[EventCategory "3"]
[Source "lmi"]
[SourceDate "2010.05.20"]

1. d4 Nf6 2. c4 e6 3. g3 c5 4. Nf3 b6 5. Bg2 Bb7 6. O-O cxd4 7. Qxd4 Nc6 8. Qf4
Be7 9. Nc3 O-O 10. b3 Qb8 11. Bb2 a6 12. Rfd1 Rd8 13. Rd2 d6 14. Rad1 b5 15.
cxb5 axb5 16. Ba1 b4 17. Na4 d5 18. Qxb8 Raxb8 19. Ne5 Nxe5 20. Bxe5 Rbc8 21.
Nb2 Kf8 22. Bd4 Rd6 23. f3 Rdc6 24. Nd3 Rc2 25. Kf2 Ba6 26. Ne1 R2c6 27. Bf1
Ne8 28. e3 Bxf1 29. Kxf1 Nd6 30. Ke2 Nb5 31. Kd3 f6 32. Rc2 Nxd4 33. exd4 Rc3+
34. Rxc3 Rxc3+ 35. Ke2 Ke8 36. Rd2 Rc7 37. Rc2 Ra7 38. Nd3 Kd7 39. f4 Bd6 40.
Kf3 Ra8 41. h3 1/2-1/2

[Event "3. Magistral Copa Benito Roggio B"]
[Site "Asuncion PAR"]
[Date "2010.05.24"]
[Round "4.4"]
[White "Almiron, Antonio"]
[Black "Zacarias, M Ruben D"]
[Result "1/2-1/2"]
[WhiteElo "2171"]
[BlackElo "2213"]
[PlyCount "137"]
[EventDate "2010.05.20"]
[EventType "tourn"]
[EventRounds "9"]
[EventCountry "PAR"]
[EventCategory "3"]
[Source "lmi"]
[SourceDate "2010.05.20"]

1. d4 Nf6 2. c4 c5 3. d5 b5 4. cxb5 a6 5. b6 e6 6. Nc3 exd5 7. Nxd5 Nxd5 8.
Qxd5 Nc6 9. e4 Be7 10. Bc4 O-O 11. Nf3 Rb8 12. O-O Rxb6 13. Qh5 d6 14. Rd1 Be6
15. Bd5 Qd7 16. h3 Nb4 17. Ng5 Bxg5 18. Qxg5 Nxd5 19. exd5 Bf5 20. Re1 f6 21.
Qg3 Bg6 22. Bf4 Bf7 23. b3 Kh8 24. Rad1 a5 25. Rd3 Rd8 26. Bd2 Ra6 27. Rde3 Qf5
28. Re7 Qxd5 29. Bh6 Rg8 30. Qf4 Raa8 31. R1e3 gxh6 32. Qxf6+ Rg7 33. Rf3 Kg8
34. Rd7 Qg5 35. Qxg5 hxg5 36. Rxd6 Rg6 37. Rd7 Be6 38. Rc7 Rc8 39. Ra7 c4 40.
bxc4 Rc5 41. Rd3 Bf7 42. Ra3 Rxc4 43. R3xa5 h6 44. Rf5 Rg7 45. Rf6 Bg6 46. Ra8+
Kh7 47. Rff8 Be4 48. Rh8+ Kg6 49. Ra6+ Rc6 50. Rxc6+ Bxc6 51. Rc8 Bd5 52. a4
Ra7 53. Rc5 Bb3 54. a5 Ra6 55. Kh2 Re6 56. Kg3 Rf6 57. Rb5 Bc4 58. Rb4 Bf1 59.
h4 Rf5 60. f3 Rxa5 61. Rb6+ Kg7 62. Rb7+ Kg6 63. Rb6+ Kg7 64. Rb7+ Kg6 65. Rb6+
Kh5 66. Kf2 Bxg2 67. Kxg2 Ra2+ 68. Kh3 Ra3 69. hxg5 1/2-1/2

[Event "3. Magistral Copa Benito Roggio B"]
[Site "Asuncion PAR"]
[Date "2010.05.24"]
[Round "4.5"]
[White "Ferreira, Oscar"]
[Black "Patriarca, Luis"]
[Result "1/2-1/2"]
[WhiteElo "2282"]
[BlackElo "2304"]
[PlyCount "27"]
[EventDate "2010.05.20"]
[EventType "tourn"]
[EventRounds "9"]
[EventCountry "PAR"]
[EventCategory "3"]
[Source "lmi"]
[SourceDate "2010.05.20"]

1. d4 Nf6 2. Nf3 e6 3. Bg5 c5 4. e3 b6 5. d5 d6 6. Nc3 a6 7. a4 Be7 8. Be2 h6
9. Bxf6 Bxf6 10. Ne4 Be7 11. Nc3 Bf6 12. Ne4 Be7 13. Nc3 Bf6 14. Ne4 1/2-1/2

[Event "3. Magistral Copa Benito Roggio B"]
[Site "Asuncion PAR"]
[Date "2010.05.25"]
[Round "5.1"]
[White "Patriarca, Luis"]
[Black "Peralta, Eduardo"]
[Result "1/2-1/2"]
[WhiteElo "2304"]
[BlackElo "2280"]
[PlyCount "107"]
[EventDate "2010.05.20"]
[EventType "tourn"]
[EventRounds "9"]
[EventCountry "PAR"]
[EventCategory "3"]
[Source "lmi"]
[SourceDate "2010.05.20"]

1. c4 g6 2. Nc3 Bg7 3. g3 e5 4. Bg2 d6 5. d3 f5 6. e3 Nf6 7. Nge2 O-O 8. O-O
Nc6 9. Rb1 a5 10. a3 Be6 11. Nd5 Bf7 12. Nec3 g5 13. b4 axb4 14. axb4 Nxd5 15.
Nxd5 h5 16. b5 Nb8 17. Nb4 Ra7 18. Nd5 Nd7 19. Qc2 Bg6 20. Bd2 f4 21. exf4 Nc5
22. Be4 Nxe4 23. dxe4 gxf4 24. b6 cxb6 25. Kh1 f3 26. Be3 Ra6 27. h4 Qd7 28.
Kh2 Kh7 29. Rfe1 Bf6 30. Rxb6 Rxb6 31. Bxb6 Bxh4 32. Rh1 Bg5 33. Be3 Bd8 34.
Bb6 Bxb6 35. Nxb6 Qc6 36. Nd5 b5 37. Rc1 bxc4 38. Qxc4 Qxc4 39. Rxc4 Kh6 40.
Rc6 Rd8 41. Nc3 Kg5 42. Nb5 Bxe4 43. Rxd6 Rxd6 44. Nxd6 Bd3 45. Nb7 e4 46. Nc5
Kf5 47. Kg1 Kg4 48. Nd7 Bc2 49. Kf1 Kf5 50. Ke1 Ke6 51. Nf8+ Kf5 52. Nd7 Ba4
53. Nc5 Bc6 54. Kd2 1/2-1/2

[Event "3. Magistral Copa Benito Roggio B"]
[Site "Asuncion PAR"]
[Date "2010.05.25"]
[Round "5.2"]
[White "Zacarias, M Ruben D"]
[Black "Ferreira, Oscar"]
[Result "1-0"]
[WhiteElo "2213"]
[BlackElo "2282"]
[PlyCount "159"]
[EventDate "2010.05.20"]
[EventType "tourn"]
[EventRounds "9"]
[EventCountry "PAR"]
[EventCategory "3"]
[Source "lmi"]
[SourceDate "2010.05.20"]

1. e4 d6 2. d4 Nf6 3. Nc3 g6 4. Nf3 Bg7 5. Be2 O-O 6. O-O Bg4 7. Be3 Nc6 8. d5
Bxf3 9. Bxf3 Ne5 10. Be2 c6 11. f4 Ned7 12. Bf3 cxd5 13. Nxd5 Nxd5 14. Qxd5 Qc7
15. c3 Rac8 16. Qd3 Nb6 17. Rad1 Nc4 18. Rf2 Nxe3 19. Qxe3 b5 20. Rc2 b4 21. c4
Rfd8 22. Kh1 a5 23. g4 a4 24. Rd3 Qc5 25. Qe2 Rb8 26. Rc1 e6 27. h4 h6 28. g5
Kf8 29. Kg2 Ke7 30. Rdd1 Rh8 31. Rh1 b3 32. a3 hxg5 33. hxg5 Rxh1 34. Kxh1 Rh8+
35. Kg2 Qd4 36. Rc3 Rh4 37. Kg3 Qg1+ 38. Kxh4 Bxc3 39. bxc3 Qc1 40. c5 dxc5 41.
Qb5 Qxf4+ 42. Bg4 Qh2+ 43. Bh3 Qf2+ 44. Kg4 Kf8 45. Bf1 Kg7 46. Bd3 e5 47. Kh3
Qf3+ 48. Kh2 Qh5+ 49. Kg2 Qxg5+ 50. Kf3 Qf4+ 51. Ke2 Qh2+ 52. Kd1 Qg1+ 53. Kd2
Qf2+ 54. Be2 Qf4+ 55. Kd3 Qf2 56. Qxa4 Qg3+ 57. Kd2 Qf4+ 58. Kd3 Qg3+ 59. Kc4
Qe1 60. Bd3 b2 61. Qb5 Qa1 62. a4 g5 63. Kxc5 g4 64. Kd6 Qa3+ 65. Kxe5 g3 66.
Kf4 g2 67. Qg5+ Kf8 68. Qxg2 Qxc3 69. Qc2 Qf6+ 70. Ke3 Qb6+ 71. Kd2 Qb4+ 72.
Ke2 Kg7 73. Qb1 f6 74. Qa2 Qa5 75. Bc2 Qa6+ 76. Kd2 Qa5+ 77. Kd3 Qa6+ 78. Kc3
Qa5+ 79. Kxb2 Qe5+ 80. Kb1 1-0

[Event "3. Magistral Copa Benito Roggio B"]
[Site "Asuncion PAR"]
[Date "2010.05.25"]
[Round "5.3"]
[White "Brito, Luismar"]
[Black "Almiron, Antonio"]
[Result "1-0"]
[WhiteElo "2343"]
[BlackElo "2171"]
[PlyCount "45"]
[EventDate "2010.05.20"]
[EventType "tourn"]
[EventRounds "9"]
[EventCountry "PAR"]
[EventCategory "3"]
[Source "lmi"]
[SourceDate "2010.05.20"]

1. e4 c5 2. Nf3 d6 3. d4 cxd4 4. Nxd4 Nf6 5. Nc3 a6 6. Bg5 e6 7. f4 Nbd7 8. Qf3
Qc7 9. O-O-O b5 10. Bd3 Bb7 11. Rhe1 Be7 12. Qg3 b4 13. Nd5 exd5 14. e5 dxe5
15. fxe5 Nh5 16. Qh4 Bxg5+ 17. Qxg5 g6 18. e6 Nc5 19. exf7+ Kxf7 20. Rf1+ Kg7
21. Nf5+ Kg8 22. Ne7+ Kg7 23. Bxg6 1-0